[Event "Challenge"]
[Site "http://www.queenalice.com/game.php?id=1839998"]
[Date "2024.7.9"]
[Round "-"]
[White "denaultj"]
[Black "cdare"]
[Result "0-1"]
[WhiteElo "1719"]
[BlackElo "1845"]

1. e4 d5 2. e5 Nc6 3. Nf3 Bg4 4. Be2 e6 5. d4 Bb4+ 6. c3 Ba5 7. h3 Bxf3 8. Bxf3
h6 9. O-O Nge7 10. Na3 O-O 11. Qa4 a6 12. b4 Bb6 13. Be3 Nf5 14. Bf4 Nce7 15. c4
Nxd4 16. Bg4 c6 17. Nc2 Nxc2 18. Qxc2 dxc4 19. Qxc4 Nd5 20. Bd2 Bc7 21. Bf4 Nxf4
22. Qxf4 Qd5 23. Rfe1 f6 24. Qe3 fxe5 25. Red1 Qb5 26. a3 Bb6 27. Bxe6+ Kh8 28.
Qg3 Qe2 29. Rd7 Bxf2+ 30. Kh2 Bxg3+ 31. Kxg3 Rf2 32. Rg1 Raf8 33. Bg4 Qe3+ 34.
Kh2 Qf4+ 35. Kh1 Qg3 36. Rdd1 Ra2 37. Rd7 Rff2 0-1

[Event "Challenge"]
[Site "http://www.queenalice.com/game.php?id=1846759"]
[Date "2024.11.6"]
[Round "-"]
[White "Mikalus"]
[Black "denaultj"]
[Result "1-0"]
[WhiteElo "1897"]
[BlackElo "1715"]

1. d4 d5 2. Nf3 Nf6 3. e3 e6 4. Bd3 c5 5. b3 Nc6 6. Bb2 cxd4 7. Nxd4 Nxd4 8.
Bxd4 Bd6 9. c4 Bb4+ 10. Nd2 a6 11. a3 Bd6 12. O-O e5 13. Bc3 e4 14. Be2 h6 15.
cxd5 Nxd5 16. Bxg7 Rh7 17. Bd4 Bf5 18. Bc4 Nf6 19. b4 b5 20. Bb3 Ng4 21. g3 Rc8
22. Rc1 f6 23. h3 Ne5 24. Bxe5 Bxe5 25. Qh5+ Rf7 26. Qxf7# 1-0

[Event "Challenge"]
[Site "http://www.queenalice.com/game.php?id=1847740"]
[Date "2024.11.25"]
[Round "-"]
[White "cdare"]
[Black "denaultj"]
[Result "0-1"]
[WhiteElo "1812"]
[BlackElo "1728"]

1. e4 e5 2. Nf3 d6 3. h3 Nf6 4. Nc3 a6 5. Bc4 b5 6. Bb3 c5 7. a3 Nc6 8. d3 h6 9.
O-O Be7 10. Bd2 Bb7 11. Nd5 O-O 12. Nxe7+ Qxe7 13. Qc1 Nh5 14. Bxh6 Nd4 15. Nxd4
cxd4 16. Bg5 Nf6 17. f4 Qd7 18. f5 d5 19. exd5 Bxd5 20. Bxd5 Qxd5 21. b3 Rac8
22. Bxf6 gxf6 23. Rf3 Kh7 24. Qd2 Rg8 25. Rc1 Qxf3 26. Qf2 Qxh3 27. Rf1 Rg5 28.
Qf3 Rg3 29. Qe2 Rcg8 30. Rf2 R8g4 31. a4 bxa4 0-1

[Event "Challenge"]
[Site "http://www.queenalice.com/game.php?id=1849536"]
[Date "2024.12.30"]
[Round "-"]
[White "denaultj"]
[Black "cdare"]
[Result "1-0"]
[WhiteElo "1738"]
[BlackElo "1815"]

1. e4 d5 2. Nf3 Nc6 3. a3 Bg4 4. c3 dxe4 5. d4 e6 6. h3 Bxf3 7. gxf3 exf3 8.
Qxf3 Nf6 9. Bg2 Bd6 10. b4 O-O 11. O-O Rb8 12. a4 a6 13. Be3 Ne7 14. Nd2 c6 15.
a5 Bc7 16. Nc4 h6 17. Ra2 Ned5 18. Bd2 Nh7 19. Ne5 Bxe5 20. dxe5 f6 21. Qg3 Kh8
22. c4 Ne7 23. Bf4 f5 24. Rd2 Qe8 25. Rd6 Ng6 26. Bd2 Qe7 27. Qxg6 Rbe8 28. Bf4
Qf7 29. Qg3 g5 30. Bd2 f4 31. Qc3 Rd8 32. c5 Qe7 33. Bf3 Kg8 34. Kg2 Rfe8 35.
Bg4 Nf8 36. Qc4 Kf7 37. Kh2 Kg6 38. Bc3 h5 39. Qe4+ Kh6 40. Be2 Qh7 41. Qf3 Qg6
42. Rg1 Qf7 43. Bd4 Rxd6 44. exd6 Nd7 45. Bd1 e5 46. Qg2 Qf6 47. Bc3 Rg8 48. Qf3
Qg6 49. Be2 Rh8 50. Bd3 Qf7 51. Qe4 Qe8 52. Qf5 1-0

[Event "Challenge"]
[Site "http://www.queenalice.com/game.php?id=1853799"]
[Date "2025.3.12"]
[Round "-"]
[White "cdare"]
[Black "denaultj"]
[Result "1-0"]
[WhiteElo "1814"]
[BlackElo "1752"]

1. e4 e5 2. Nf3 d6 3. h3 c5 4. Bb5+ Nc6 5. Nc3 Nf6 6. d3 a6 7. Bxc6+ bxc6 8. O-O
d5 9. Nxe5 Bd6 10. Bf4 O-O 11. Bh2 Bb7 12. f4 d4 13. Ne2 Qe7 14. Nc4 Bc7 15. Ng3
Rad8 16. Nf5 Qd7 17. Qf3 h6 18. Qg3 Nh5 19. Qh4 g6 20. Nxh6+ Kh8 21. f5 Bxh2+
22. Kxh2 f6 23. fxg6 Ng7 24. Nf5+ 1-0

[Event "Challenge"]
[Site "http://www.queenalice.com/game.php?id=1855270"]
[Date "2025.4.10"]
[Round "-"]
[White "denaultj"]
[Black "Mikalus"]
[Result "1-0"]
[WhiteElo "1770"]
[BlackElo "1912"]

1. e4 c5 2. e5 d6 3. exd6 exd6 4. c4 Nf6 5. Nc3 g6 6. d4 Qe7+ 7. Be2 Bg7 8. h3
O-O 9. d5 Bd7 10. Nf3 a6 11. Bf4 b5 12. cxb5 axb5 13. Nxb5 Bxb5 14. Be3 Bxe2 15.
Kxe2 Nbd7 16. Re1 Nb6 17. Kf1 Qb7 18. Bf4 Rad8 19. b3 Nfxd5 20. Bg5 Rd7 21. Rc1
h6 22. Bd2 Re7 23. Ba5 Rxe1+ 24. Qxe1 Nb4 25. Bxb4 cxb4 26. Qxb4 Qa6+ 27. Kg1
Nd7 28. a4 Rb8 29. Qe4 Nc5 30. Qe3 Bf8 31. Rb1 Qd3 32. Qxd3 Nxd3 33. Nd4 Nb4 34.
Nb5 d5 35. g3 Kg7 36. Kg2 Rd8 37. Nd4 Bc5 38. Rd1 Kf6 39. f4 Re8 40. g4 Re4 41.
Nf3 d4 42. Ne5 Ke6 43. h4 Rxf4 44. Re1 d3 45. Nxd3+ Kf6 46. Nxf4 g5 47. Nh3 gxh4
48. a5 Nd3 49. Rf1+ Kg7 50. Rf5 Ba7 51. Rb5 Nc5 52. b4 Na4 53. a6 Bb6 54. Nf4
Bc7 55. Nd5 1-0

[Event "Challenge"]
[Site "http://www.queenalice.com/game.php?id=1856336"]
[Date "2025.4.28"]
[Round "-"]
[White "cdare"]
[Black "denaultj"]
[Result "1-0"]
[WhiteElo "1888"]
[BlackElo "1778"]

1. e4 e5 2. Nf3 d6 3. h3 Nf6 4. Nc3 c6 5. Bc4 h6 6. d3 b5 7. Bb3 a5 8. a3 a4 9.
Ba2 Be7 10. O-O O-O 11. Bd2 Nbd7 12. Nh2 Bb7 13. Ng4 Qb6 14. Be3 Qa6 15. Ne2 c5
16. Ng3 d5 17. Nxf6+ Qxf6 18. f3 d4 19. Bd2 Qc6 20. Bd5 Qc7 21. Bxb7 Qxb7 22.
Nf5 Bd8 23. Qe1 1-0

[Event "Challenge"]
[Site "http://www.queenalice.com/game.php?id=1856605"]
[Date "2025.5.3"]
[Round "-"]
[White "denaultj"]
[Black "cdare"]
[Result "0-1"]
[WhiteElo "1792"]
[BlackElo "1831"]

1. d4 Nf6 2. Nd2 e6 3. h3 d5 4. Ngf3 Nc6 5. a3 Bd6 6. b4 a6 7. e3 b5 8. Bd3 O-O
9. Nb3 Bb7 10. O-O Ne7 11. Nh4 c6 12. Bd2 Bc7 13. Nc5 Qc8 14. Nxb7 Qxb7 15. Qf3
Rad8 16. a4 Bb8 17. axb5 Qc7 18. Rxa6 Qh2# 0-1